000 00965nam a2200253Ia 4500
003 OSt
005 20220930094855.0
006 a|||||r|||| 00| 0
007 ta
008 220926b |||||||| |||| 00| 0 hin d
024 _a32422
037 _cTheses
040 _aCRL
_cCRL
_bhin
041 _2hin
_ahin
100 _aरानी, सीमा, ले.
110 _aदिल्ली विश्वविद्यालय. कला संकाय. संगीत एवं ललित कला
_9556520
245 0 _aश्री गणेश कलात्मक अध्ययन
246 _aShrī gaṇesh kalātmak adhyayana
260 _c2014
300 _a164
_99पृ.
_ap.
_ccm.
700 _aदिल्ली विश्वविद्यालय. कला संकाय. संगीत एवं ललित कला
_9556521
942 _cDIS
_2CC
999 _c887831
_d887831